000 00732cam a22002531 4500
001 sa 68012664
003 DLC
005 20260227112613.0
008 890607s1968 ii b 000 0 hino
010 _asa 68012664
035 _a(OCoLC)19832364
040 _aDLC
_cWaU
_dDLC
042 _apremarc
043 _aa-ii---
050 0 0 _aPK2035
_b.K3
100 1 _aKaul, Raj Kumari,
_d1927-
245 1 0 _aRājasthāna ke rājagharānoṃ kī Hindī-sevā.
260 _c[1968]
300 _a16, 300 p.
_c22 cm.
500 _aIn Hindi; some quotations in Braj and Rajasthani.
504 _aBibliography: p. [279]-[284]
650 0 _aHindi literature
_xHistory and criticism.
651 0 _aRajasthan (India)
_xKings and rulers.
999 _c84664
_d84664